00435nam a2200181 a 4500001001300000003000900013005001700022008004100039020001000080082001300090100001200103245002300115260003200138300000800170500003500178505002800213700001200241nice12345678IN_TiNIC20260116011651.0050524s1938 teha grp 000 0 per  ac10000a201bKAG aKagwa,  aSharh Haal-E-Kagwa aTehranbBrukhim Pressc1938 a87p aincludes index and biblioraphy2 aHand Written Manuscript1 aKagwa,